Sistematización buenas prácticas pedagógicas Uniminuto 2010 /

Bibliographic Details
Main Authors: Botero Carrillo, Paula (Author), Pérez Carvajal, Margarita Rosa (Author), Solano Salinas, Rigoberto (Author)
Other Authors: Espitia Forero, Félix Francisco (Editor)
Format: Electronic eBook
Language:Spanish
Published: Bogotá D.C., Colombia : Corporación Universitaria Minuto de Dios - UNIMINUTO, [2010]
Subjects:
Online Access:Digitalia Hispánica

MARC

LEADER 00000nam a2200000 i 4500
001 DIGCUMD0279
003 NyNyDIG
006 m o d
007 cr |||||||||||
008 240401s2010 ck a ob 000 0 spa d
035 |a (OCoLC)1430189537 
040 |a DGITA  |b eng  |e rda  |e pn  |c DGITA 
020 |a 9789588635279  |q eBook 
043 |a s-ck---  
050 1 4 |a LB1027 ebook 
100 1 |a Botero Carrillo, Paula,  |e author. 
245 1 0 |a Sistematización buenas prácticas pedagógicas Uniminuto 2010 /  |c investigadores, Paula Botero Carrillo, Margarita Rosa Pérez Carvajal, Rigoberto Solano Salinas ; Félix Francisco Espitia Forero [and 9 others]. 
264 1 |a Bogotá D.C., Colombia :  |b Corporación Universitaria Minuto de Dios - UNIMINUTO,  |c [2010] 
300 |a 1 online resource :  |b illustrations. 
336 |a text  |b txt  |2 rdacontent 
337 |a computer  |b c  |2 rdamedia 
338 |a online resource  |b cr  |2 rdacarrier 
347 |a text file  |2 rdaft 
347 |b PDF 
504 |a Includes bibliographical references. 
588 0 |a Online resource; title from PDF title page (Digitalia, viewed April 1, 2024) 
610 2 0 |a UNIMINUTO (University) 
650 0 |a Educational innovations  |z Colombia. 
650 0 |a Education  |z Colombia. 
700 1 |a Pérez Carvajal, Margarita Rosa,  |e author. 
700 1 |a Solano Salinas, Rigoberto,  |e author. 
700 1 |a Espitia Forero, Félix Francisco,  |e editor. 
791 2 |a Digitalia (Firm),  |e distributor. 
793 0 |g Digitalia eBook Collection:  |a Corporación Universitaria Minuto de Dios 
856 4 0 |3 Digitalia Hispánica  |u https://www.digitaliapublishing.com/a/131823/ 
910 |a Premium collection: 2024